000 01116nam a2200241 a 4500
001 44108
003 BD-RjUL
005 20211209053812.0
008 160713r19881984bg a|||| |||| 00| 0 ben d
035 _a(BD-RjUL) 44226
040 _aBD-RjUL
_bben
_cBD-RjUL
041 _aben
082 _223
_a891.443
_bAHS 1988
100 1 _aআহমদ, ফয়েজ
_9135437
245 1 0 _aসত্যবাবু মারা গেছেন /
_cফয়েজ আহমদ
260 _aঢাকা :
_bইউনিভার্সিটি প্রেস লিমিটেড,
_c১৯৮৪ (মুদ্রণ ১৯৮৮)
300 _a২১২ পৃ. :
_bচিত্রাবলী ;
_c২১ সেমি.
490 _aমধ্যরাতের অশ্বারোহী গ্রন্থের দ্বিতীয় পর্ব
650 _aবাংলা উপন্যাস
_9135438
650 _aBengali Fiction
_9135439
830 _aমধ্যরাতের অশ্বারোহী গ্রন্থের দ্বিতীয় পর্ব
_9135443
942 _2ddc
_cBK
999 _c44108
_d44108